Statistics for 1974 World Cup Trivia

Click here to take the quiz!

General Stats

  • This quiz has been taken 12 times
  • The average score is 10 of 21

Answer Stats

HintAnswer% Correct
Host CountryWest Germany
92%
WinnersWest Germany
92%
FIFA Fair Play AwardWest Germany
92%
This was the last world cup to not have this in any matchesExtra time
83%
Runners-UpNetherlands
83%
Third PlacePoland
75%
Fourth PlaceBrazil
67%
Bronze Boot (4 goals)Gerd Muller
67%
This player's "turn" became famous at when he performed it against SwedenJohan Cruyff
67%
FIFA introduced this as a way to conclude drawn matches, though it was never put into practice until 1982Penalty shoot-out
50%
"___________________________________________________"Zaire/DR Congo
50%
Golden Boot (7 goals)Grzegorz Lato
42%
This world cup was the only tournament appearance for this teamHaiti
33%
Silver Boot (5 goals)Johan Neeskens
25%
Host stadium of the finalOlympiastadion
25%
Bronze Boot (4 goals)Johnny Rep
17%
Silver Boot (5 goals)Andrzej Szarmach
8%
Bronze Boot (4 goals)Ralf Edstrom
0%
"_______________"Tap
0%
Name of the mascotsTip
0%
Best Young PlayerWladyslaw Zmuda
0%

Score Distribution

Percentile by Number Answered

Percent of People with Each Score

Your Score History

You have not taken this quiz